UM Logo

The tragedy of Great Power politics / (Record no. 4459)

MARC details
000 -LEADER
fixed length control field 01575cam a2200325 a 4500
001 - CONTROL NUMBER
control field 12364386
003 - CONTROL NUMBER IDENTIFIER
control field OSt
005 - DATE AND TIME OF LATEST TRANSACTION
control field 20160910111931.0
008 - FIXED-LENGTH DATA ELEMENTS--GENERAL INFORMATION
fixed length control field 010330s2001 nyu b 001 0 eng
010 ## - LIBRARY OF CONGRESS CONTROL NUMBER
LC control number 2001030915
020 ## - INTERNATIONAL STANDARD BOOK NUMBER
International Standard Book Number 0-393-02025-8
040 ## - CATALOGING SOURCE
Original cataloging agency DLC
Transcribing agency DLC
Modifying agency DLC
050 00 - LIBRARY OF CONGRESS CALL NUMBER
Classification number D397
Item number .M38 2001
082 00 - DEWEY DECIMAL CLASSIFICATION NUMBER
Classification number DC 327.101
Edition number 2001
Item number M55
100 1# - MAIN ENTRY--PERSONAL NAME
Personal name Mearsheimer, John J.
245 14 - TITLE STATEMENT
Title The tragedy of Great Power politics /
Statement of responsibility, etc. John J. Mearsheimer.
260 ## - PUBLICATION, DISTRIBUTION, ETC. (IMPRINT)
Place of publication, distribution, etc. New York :
Name of publisher, distributor, etc. Norton,
Date of publication, distribution, etc. c2001.
300 ## - PHYSICAL DESCRIPTION
Extent xvi, 555 pages;
Dimensions 24 cm.
500 ## - GENERAL NOTE
General note Includes index.
504 ## - BIBLIOGRAPHY, ETC. NOTE
Bibliography, etc Includes bibliographical references and index.
505 8# - FORMATTED CONTENTS NOTE
Formatted contents note Machine generated contents note: I -- ONE Introduction -- TWO Anarchy and the Struggle for Power -- THREE Wealth and Power -- FOUR The Primacy of Land Power -- FIVE Strategies for Survival -- SIX Great Powers in Action -- SEVEN The Offshore Balancers -- EIGHT Balancing versus Buck-Passing -- NINE The Causes of Great Power War -- TEN Great Power Politics in the Twenty-first Century -- Notes -- Index.
650 #0 - SUBJECT ADDED ENTRY--TOPICAL TERM
Topical term or geographic name as entry element World politics
Chronological subdivision 19th century.
650 #0 - SUBJECT ADDED ENTRY--TOPICAL TERM
Topical term or geographic name as entry element World politics
Chronological subdivision 20th century.
650 #0 - SUBJECT ADDED ENTRY--TOPICAL TERM
Topical term or geographic name as entry element Great powers.
650 #0 - SUBJECT ADDED ENTRY--TOPICAL TERM
Topical term or geographic name as entry element International relations.
856 41 - ELECTRONIC LOCATION AND ACCESS
Materials specified Table of contents
Uniform Resource Identifier <a href="http://www.loc.gov/catdir/toc/fy02/2001030915.html">http://www.loc.gov/catdir/toc/fy02/2001030915.html</a>
906 ## - LOCAL DATA ELEMENT F, LDF (RLIN)
a 7
b cbc
c orignew
d 1
e ocip
f 20
g y-gencatlg
942 ## - ADDED ENTRY ELEMENTS (KOHA)
Source of classification or shelving scheme Dewey Decimal Classification
Koha item type Circulation
Holdings
Withdrawn status Lost status Source of classification or shelving scheme Damaged status Not for loan Collection code Home library Current library Shelving location Date acquired Total Checkouts Full call number Barcode Date last seen Date last checked out Copy number Price effective from Koha item type
    Dewey Decimal Classification     Circulation UM Digos College - LIC UM Digos College - LIC Book Cart 09/26/2003 2 DC 327.101 M55 2001 15966 06/08/2021 09/06/2019 1 09/10/2016 Circulation